[Event "Belgrade Trophy 30th"]
[Site "Belgrade"]
[Date "2016.11.24"]
[Round "1"]
[White "Jovanovic, Bozidar"]
[Black "Bogosavljevic, Boban"]
[Result "0-1"]
[WhiteElo "2042"]
[BlackElo "2520"]
[PlyCount "118"]
[EventDate "2016.11.24"]
[EventType "swiss"]
[EventRounds "9"]
[EventCountry "SRB"]
[SourceTitle "CBM 175 Extra"]
[Source "ChessBase"]
[SourceDate "2016.12.12"]
[SourceVersion "1"]
[SourceVersionDate "2016.12.12"]
[SourceQuality "1"]

1. e4 c5 2. Nf3 Nc6 3. Bc4 e6 4. c3 d5 5. exd5 exd5 6. Bb5 Bd6 7. d4 Nge7 8. 0-0 Bg4 9. Be2 0-0 10. h3 Bf5 11. Bg5 c4 12. Nbd2 h6 13. Bh4 Qc7 14. Qe1 Ng6 15. Bg3 Rae8 16. Bxd6 Qxd6 17. Qd1 Nf4 18. Re1 Bxh3 19. Bf1 Bf5 20. Ne5 f6 21. Qf3 Nh3+ 22. gxh3 fxe5 23. Qg3 Rf6 24. Bg2 Rg6 25. Qh2 Qd7 26. Kh1 e4 27. Re3 Rf8 28. Rf1 Rgf6 29. f3 Ne7 30. fxe4 Bxe4 31. Rxf6 Bxg2+ 32. Qxg2 Rxf6 33. Re5 Kh7 34. Nf1 Ng6 35. Re1 Nf4 36. Qg4 Qxg4 37. hxg4 Nd3 38. Rb1 Nf2+ 39. Kg2 Nxg4 40. Kg3 h5 41. b3 b5 42. Re1 Ra6 43. Re2 cxb3 44. axb3 Ra1 45. Ne3 Nxe3 46. Rxe3 Kh6 47. Re5 Rc1 48. Re3 a5 49. Kf4 a4 50. bxa4 bxa4 51. Ke5 a3 52. Re2 Rxc3 53. Kxd5 Rc8 54. Ra2 Ra8 55. Kc6 h4 56. d5 g5 57. d6 g4 58. d7 h3 59. Rxa3 h2 0-1

[Event "Belgrade Trophy 20th"]
[Site "Belgrade"]
[Date "2007.11.28"]
[Round "7"]
[White "Mitric, Nebojsa"]
[Black "Jovanovic, Bozidar"]
[Result "1-0"]
[WhiteElo "1930"]
[BlackElo "2096"]
[PlyCount "99"]
[EventDate "2007.11.22"]
[EventType "swiss"]
[EventRounds "9"]
[EventCountry "YUG"]
[SourceTitle "CBM 121 Extra"]
[Source "ChessBase"]
[SourceDate "2008.01.10"]
[SourceVersion "1"]
[SourceVersionDate "2008.01.10"]
[SourceQuality "1"]

1. d4 Nf6 2. Nf3 g6 3. Bg5 Bg7 4. Nbd2 d5 5. e3 Nc6 6. c4 Bg4 7. h3 Bf5 8. Qb3 Na5 9. Qa4+ c6 10. cxd5 b5 11. Qa3 Nxd5 12. e4 b4 13. Qd3 h6 14. exf5 hxg5 15. Nxg5 Nf4 16. Qe4 Qxd4 17. Qxd4 Bxd4 18. g3 Nd5 19. fxg6 fxg6 20. Rb1 Rf8 21. Ngf3 Bg7 22. Bd3 Rf6 23. 0-0 Bh6 24. Kg2 Bxd2 25. Nxd2 0-0-0 26. Ne4 Re6 27. Nc5 Rf6 28. Rfe1 Kb8 29. Ba6 Rf5 30. Rbc1 Rh5 31. Be2 Re5 32. Bf3 Rxe1 33. Rxe1 Nc4 34. Bxd5 cxd5 35. b3 Nb6 36. Na6+ Kb7 37. Nxb4 d4 38. Rxe7+ Kc8 39. Nd3 Nd5 40. Rxa7 Nc7 41. Ra5 Re8 42. Re5 Rd8 43. Kf3 Rd6 44. Ke2 Nd5 45. Kd2 Nc3 46. a4 Rc6 47. a5 Nb1+ 48. Ke2 Rc2+ 49. Ke1 Rc3 50. Rc5+ 1-0

[Event "Belgrade Trophy 20th"]
[Site "Belgrade"]
[Date "2007.11.25"]
[Round "4"]
[White "Jovanovic, Bozidar"]
[Black "Stojkovska, Monika"]
[Result "1/2-1/2"]
[WhiteElo "2096"]
[BlackElo "1878"]
[PlyCount "109"]
[EventDate "2007.11.22"]
[EventType "swiss"]
[EventRounds "9"]
[EventCountry "YUG"]
[SourceTitle "CBM 121 Extra"]
[Source "ChessBase"]
[SourceDate "2008.01.10"]
[SourceVersion "1"]
[SourceVersionDate "2008.01.10"]
[SourceQuality "1"]

1. e4 c5 2. Nf3 e6 3. c3 Nc6 4. d4 cxd4 5. cxd4 d5 6. Nc3 Bb4 7. Bd3 Nge7 8. 0-0 h6 9. Bf4 0-0 10. Rc1 dxe4 11. Bxe4 Bd6 12. Be3 Bb8 13. d5 exd5 14. Nxd5 Nf5 15. Qb3 Nxe3 16. Nxe3 Na5 17. Qc3 Qb6 18. Nd5 Qd8 19. Rfd1 Nc6 20. Nb4 Qe7 21. Bxc6 bxc6 22. Nxc6 Qb7 23. Qc5 Re8 24. Re1 Be6 25. b3 Bf4 26. Rc2 Qd7 27. Nfe5 Bxe5 28. Nxe5 Qb7 29. Qc6 Qb4 30. Qc3 Qb7 31. h3 Rac8 32. Nc4 Qa6 33. Rce2 Red8 34. Rc1 Rc7 35. g4 Rcd7 36. Rce1 Rd3 37. Qe5 Rxh3 38. Re3 Rxe3 39. Nxe3 Qxa2 40. b4 Qa6 41. Nf5 Bxf5 42. Qxf5 Qd6 43. Qc5 Qxc5 44. bxc5 Rc8 45. Ra1 Rc7 46. Ra5 Kf8 47. Kg2 Ke7 48. Kf3 Ke6 49. Ke4 Rc6 50. Rxa7 Rxc5 51. f4 Rc4+ 52. Ke3 g6 53. f5+ Kf6 54. fxg6 Kxg6 55. Kf3 1/2-1/2